书目信息 |
| 题名: |
唐怀素论书帖
|
|
| 作者: | 怀素 书 ;辽宁省博物馆 藏 | |
| 分册: | ||
| 出版信息: | 北京 文物出版社 1965 |
|
| 页数: | 1册 | |
| 开本: | 38cm | |
| 丛书名: | ||
| 单 册: | ||
| 中图分类: | J292.24 | |
| 科图分类: | ||
| 主题词: | 草书-法书--中国--唐代 , 法书-草书--中国--唐代 | |
| 电子资源: | ||
| ISBN: | ||
| 000 | 00702nam0 2200241 45 | |
| 001 | 0178005127 | |
| 005 | 20051104095412.71 | |
| 010 | @d¥0.40 | |
| 091 | @a8068.699 | |
| 100 | @a19950721e19781965em y0chiy0121 ea | |
| 101 | 0 | @achi |
| 102 | @aCN@b110000 | |
| 105 | @ay z 000yy | |
| 200 | 10 | @a唐怀素论书帖@Atang huai su lun shu tie@f(唐)怀素书@F(tang)huai su shu@g辽宁省博物馆藏 |
| 210 | @a北京@c文物出版社@d1965@h1978重印 | |
| 215 | @a1册@d38cm | |
| 606 | @a草书-法书@y中国@z唐代 | |
| 606 | @a法书-草书@y中国@z唐代 | |
| 690 | @aJ292.24@v3 | |
| 701 | 0 | @a怀素@Ahuai su@4书 |
| 712 | 02 | @a辽宁省博物馆@Aliao ning sheng bo wu guan@4藏 |
| 801 | 0 | @aCN@bTSSF@c20051104 |
| 905 | @a10447@dJ292.24@e10 | |
| 唐怀素论书帖/(唐)怀素书/辽宁省博物馆藏.-北京:文物出版社,1965(1978重印) |
| 1册;38cm |
| ISBN :¥0.40 |
| ● |
| 相关链接 |
|
|
|
|
正题名:唐怀素论书帖
索取号:J292.24/10
 
预约/预借
| 序号 | 登录号 | 条形码 | 馆藏地/架位号 | 状态 | 备注 |
| 1 | 0002681 | 202136526 | 密集书库/ [索取号:J292.24/10] | 在馆 |